000 07177nam a22002657a 4500
003 GR-AtMCL
005 20251230112825.0
006 a|||||r|||||||||||
008 s2019 gr a b 001 0 gre d
020 _a9789600120387
040 _aGR-AtMCL
_dGR-AtMCL
_bgre
_eAACR2
041 1 _heng
100 1 _aFeldman, Robert S.
_93220
240 1 0 _a Development across the life span.
_lGreek
245 1 0 _aΑναπτυξιακή ψυχολογία :
_bδιά βίου προσέγγιση /
_cRobert S. Feldman ; γενική επιστημονική επιμέλεια Ηλίας Γ. Μπεζεβέγκης ; μετάφραση, επιστημονική επιμέλεια Ευαγγελία Γαλανάκη...[κ.ά].
260 _aΑθήνα :
_bGutenberg,
_c2019.
300 _a757 σ. :
_bεικ. ;
_c29 εκ.
500 _aΜετάφραση από : Development across the life span.
505 0 _aΜέρος 1. Οι απαρχές: 1. Εισαγωγή στη διά βίου ανάπτυξη -- 2. Η αρχή της ζωής: Προγεννητική ανάπτυξη -- 3. Ο τοκετός και το νεογέννητο βρέφος -- Μέρος 2. Βρεφική ηλικία: 4. Η σωματική ανάπτυξη στη βρεφική ηλικία -- 5. Η γνωστική ανάπτυξη στη βρεφική ηλικία -- 6. Η κοινωνική ανάπτυξη και η ανάπτυξη της προσωπικότητας στη βρεφική ηλικία -- Μέρος 3. Προσχολική ηλικία: 7. Η σωματική και η γνωστική ανάπτυξη στην προσχολική ηλικία -- 8. Η κοινωνική ανάπτυξη και η ανάπτυξη της προσωπικότητας στην προσχολική ηλικία -- Μέρος 4. Μέση παιδική ηλικία: 9. Η σωματική και η γνωστική ανάπτυξη στη μέση παιδική ηλικία -- 10. Η κοινωνική ανάπτυξη και η ανάπτυξη της προσωπικότητας στη μέση παιδική ηλικία -- Μέρος 5. Εφηβεία: 11. Η σωματική και η γνωστική ανάπτυξη στην εφηβική ηλικία -- 12. Η κοινωνική ανάπτυξη και η ανάπτυξη της προσωπικότητας στην εφηβική ηλικία -- Μέρος 6ο Πρώιμη ενήλικη ζωή : 13. Η σωματική και η γνωστική ανάπτυξη στην πρώιμη ενήλικη ζωή -- 14. Η κοινωνική ανάπτυξη και η ανάπτυξη της προσωπικότητας στην πρώιμη ενήλικη ζωή -- Μέρος 7. Μέση ενήλικη ζωή: 15. Η σωματική και η γνωστική ανάπτυξη στη μέση ενήλικη ζωή -- 16. Η κοινωνική ανάπτυξη και η ανάπτυξη της προσωπικότητας στη μέση ενήλικη ζωή -- Μέρος 8. Ύστερη ενήλικη ζωή: 17. Η σωματική και η γνωστική ανάπτυξη στην ύστερη ενήλικη ζωή -- 18. Η κοινωνική ανάπτυξη και η ανάπτυξη της προσωπικότητας στην ύστερη ενήλικη ζωή -- Μέρος 9. Το τέλος: 19. Ο θάνατος και η πορεία προς αυτόν.
520 _aΗ επανέκδοση ενός επιστημονικού συγγράμματος είναι δυνητικά καλύτερη από την προηγούμενη, υπό δύο προϋποθέσει: Να διατηρήσει τα θετικά στοιχεία της προηγούμενης έκδοσης και να περιλάβει νέα χαρακτηριστικά, που θα την καταστήσουν ακόμη πιο ενδιαφέρουσα και ελκυστική. Η Αναπτυξιακή Ψυχολογία - Διά Βίου Προσέγγιση ("απόγονος" του συγγράμματος Εξελικτική Ψυχολογία - Διά Βίου Ανάπτυξη] έχει ικανοποιήσει τις δύο αυτές βασικές προϋποθέσεις. Συγκεκριμένα: Πρώτον, έχει διατηρήσει μια σειρά χαρακτηριστικών, τα οποία κατέστησαν και την προηγούμενη έκδοση ένα ιδιαίτερα αξιόλογο επιστημονικό σύγγραμμα, εύχρηστο και χρήσιμο για πολλούς. Ειδικότερα: Εισάγει τον αναγνώστη στην έννοια και το περιεχόμενο της διά βίου ανάπτυξης, καθιστώντας σαφές ότι η πλήρης κατανόηση της ανθρώπινης ανάπτυξης προϋποθέτει την "ισότιμη" μελέτη όλων των αναπτυξιακών περιόδων. Παραθέτει δεδομένα έγκυρων μελετών σε ποικίλους τομείς της ανάπτυξης και, παράλληλα, επιδιώκει να "συνομιλήσει" με τον αναγνώστη, μεταφέροντας ερευνητικά δεδομένα στην πραγματική ζωή. Τονίζει τη σημασία των περιβαλλοντικών παραγόντων στην ανθρώπινη ανάπτυξη και, συγχρόνου, προβάλλει τον ρόλο των γενετικών παραγόντων στη διαμόρφωση της συμπεριφοράς. Συναφώς, δεν παραλείπει να σημειώσει εμφατικά ότι, πέραν των ατομικών διαφορών, υπάρχει και η πολιτισμική διαφορετικότητα. Δεύτερον, το ανά χείρας σύγγραμμα έχει να επιδείξει πολλά καινούργια στοιχεία τόσο στη δομή όσο και στο περιεχόμενό του. Συγκεκριμένα, περιλαμβάνει νέα ή/και αναθεωρημένα κεφάλαια/υποκεφάλαια που διαπραγματεύονται σύγχρονα θέματα και παρέχουν νέα δεδομένα, τα οποία, με τη σειρά τους, αντλούνται από την κατά ένα μεγάλο ποσοστό ανανεωμένη βιβλιογραφία. Η Αναπτυξιακή Ψυχολογία - Διά Βίου Προσέγγιση απευθύνεται σε φοιτητές, γονείς, εκπαιδευτικούς και επαγγελματίες ψυχολόγους, οι οποίοι, για διαφορετικούς λόγους ο καθένας, ενδιαφέρονται για -και μελετούν- την ανθρώπινη ανάπτυξη σε όλο το εύρος της ζωής. --
650 0 _aΨυχολογία
_99898
650 0 _aΕξελικτική ψυχολογία
_910212
942 _cBK
999 _c10009
_d10009